[Event "Open Praha 2018 - B"]
[Site "Praha (CZE)"]
[Date "2018.01.18"]
[Round "8"]
[White "Tanishka, Kotia"]
[Black "Koper, Stefan"]
[Result "1-0"]
[WhiteElo "1617"]
[BlackElo "1840"]
[PlyCount "141"]
[EventDate "2018.01.12"]

1. e4 c6 2. d4 Na6 3. Nf3 d5 4. exd5 Qxd5 5. Nc3 Qa5 6. Bc4 e6 7. O-O Nf6 8.
Ne5 Nc7 9. Qf3 Ncd5 10. Bxd5 exd5 11. Bg5 Be7 12. Rfe1 Be6 13. h3 O-O 14. Nxf7
Rxf7 15. Rxe6 Ne4 16. Bf4 Ng5 17. Qe3 Nxe6 18. Qxe6 Qd8 19. Re1 Bf8 20. g4 Qc8
21. Qe3 h5 22. Qg3 hxg4 23. hxg4 Qd7 24. Nd1 Re8 25. Ne3 c5 26. c3 cxd4 27.
cxd4 Re6 28. Be5 Rg6 29. f4 Bb4 30. Rd1 Rh6 31. f5 g5 32. Qf3 Rfh7 33. Nxd5 Qc6
34. Qb3 Rf7 35. Nf6+ Rhxf6 36. Bxf6 Qe4 37. Rd3 Be1 38. Re3 Qxg4+ 39. Kf1 Qxf5+
40. Kxe1 Qxf6 41. Rg3 Kg7 42. Qd3 Qf2+ 43. Kd1 Qf1+ 44. Qxf1 Rxf1+ 45. Ke2 Rf5
46. Ke3 Kg6 47. Ke4 Rf2 48. Rb3 b6 49. d5 g4 50. d6 Kf6 51. Rd3 Re2+ 52. Kf4
Re8 53. Kxg4 Rd8 54. d7 Ke6 55. Kf4 Rxd7 56. Rxd7 Kxd7 57. Ke5 Kc6 58. Kd4 Kb5
59. Kc3 Ka4 60. Kc4 a6 61. Kc3 b5 62. Kd3 Kb4 63. Kd4 a5 64. Kd5 a4 65. Kd4 a3
66. b3 Ka5 67. Kc5 Ka6 68. b4 Ka7 69. Kxb5 Kb7 70. Ka4 Kb6 71. Kxa3 1-0

[Event "Open Praha 2018 - B"]
[Site "Praha (CZE)"]
[Date "2018.01.19"]
[Round "9"]
[White "Janacek, Jaroslav"]
[Black "Prudnikov, Andrey"]
[Result "0-1"]
[WhiteElo "2020"]
[BlackElo "2022"]
[PlyCount "82"]
[EventDate "2018.01.12"]

1. e4 c5 2. c3 d6 3. d4 Nf6 4. Bd3 g6 5. Nf3 Bg7 6. O-O O-O 7. h3 Qc7 8. Qe2 e5
9. dxe5 dxe5 10. Na3 a6 11. Nc2 Nh5 12. a4 Nc6 13. Bc4 Na5 14. Bd5 Rb8 15. b4
cxb4 16. cxb4 Nc6 17. Qc4 Qe7 18. b5 Na5 19. Qc3 Qd8 20. Rd1 Bd7 21. Bd2 b6 22.
bxa6 Nf4 23. Bxf4 exf4 24. Ncd4 Qe7 25. Qc7 Rbc8 26. Qxb6 Nc4 27. Qb3 Ne5 28.
Bb7 Nxf3+ 29. Qxf3 Rc4 30. a7 Bxa4 31. a8=Q Rxa8 32. Bxa8 Bxd1 33. Rxd1 Rxd4
34. Rxd4 Bxd4 35. Qxf4 Qa7 36. Qd2 Be5 37. Qd8+ Kg7 38. g4 Bf6 39. Qd5 Bh4 40.
Qe5+ f6 41. Qc7+ Qxc7 0-1

[Event "Open Praha 2018 - B"]
[Site "Praha (CZE)"]
[Date "2018.01.19"]
[Round "9"]
[White "Nemecek, Pavel"]
[Black "Jaeger, Andre"]
[Result "1-0"]
[WhiteElo "1846"]
[BlackElo "1958"]
[PlyCount "91"]
[EventDate "2018.01.12"]

1. e4 c5 2. Nc3 e6 3. Nge2 a6 4. a4 Nc6 5. g3 d5 6. Nf4 d4 7. Nb1 Nf6 8. d3 e5
9. Ne2 g6 10. Bg2 Bg7 11. O-O Be6 12. h3 Qd7 13. Kh2 O-O 14. f4 Ne8 15. g4 f5
16. exf5 gxf5 17. g5 Nc7 18. Ng3 exf4 19. Bxf4 Nd5 20. Nh5 Nxf4 21. Nxf4 Be5
22. Kh1 Bxf4 23. Rxf4 Rae8 24. Nd2 Ne5 25. b3 Ng6 26. Rf2 Nh4 27. Qh5 Nxg2 28.
g6 Ne3 29. Rg1 Bd5+ 30. Ne4 h6 31. g7 Rf7 32. Rf3 Ree7 33. Qxh6 Rxg7 34. Nf6+
Kf8 35. Qh8+ Bg8 36. Nxd7+ Rxd7 37. Rfg3 Ng4 38. Rf1 Rdf7 39. Qh4 Rh7 40. Qd8+
Kg7 41. Kg2 Rf8 42. Qg5+ Kh8 43. Rxg4 Bd5+ 44. Kg1 Rg8 45. Qf6+ Rgg7 46. Qd8+
1-0

[Event "Open Praha 2018 - B"]
[Site "Praha (CZE)"]
[Date "2018.01.19"]
[Round "9"]
[White "Badik, Yaryna"]
[Black "Marinc, Damir"]
[Result "1/2-1/2"]
[WhiteElo "1812"]
[BlackElo "1964"]
[PlyCount "69"]
[EventDate "2018.01.12"]

1. e4 e6 2. d4 d5 3. exd5 exd5 4. Nc3 Nc6 5. Bb5 a6 6. Ba4 Be6 7. a3 b5 8. Bb3
Na5 9. Ba2 Nc4 10. Nge2 Bd6 11. a4 c6 12. Bxc4 bxc4 13. Bf4 Qc7 14. Bxd6 Qxd6
15. O-O Nh6 16. Qd2 Rb8 17. Rab1 O-O 18. Ng3 Rb7 19. Rfe1 Rfb8 20. Nd1 f6 21.
Ra1 Bf7 22. Re3 Re7 23. Raa3 Reb7 24. h3 Bg6 25. Qe2 Bf7 26. Rac3 c5 27. dxc5
Qxc5 28. Rf3 d4 29. Ra3 c3 30. Nxc3 dxc3 31. Raxc3 Qf8 32. b3 a5 33. Rfe3 Rc8
34. Qa6 Rbb8 35. Qxa5 1/2-1/2

[Event "Open Praha 2018 - B"]
[Site "Praha (CZE)"]
[Date "2018.01.19"]
[Round "9"]
[White "Kylar, Miroslav"]
[Black "Palka, Miroslav"]
[Result "1/2-1/2"]
[WhiteElo "1877"]
[BlackElo "1934"]
[PlyCount "24"]
[EventDate "2018.01.12"]

1. d4 Nf6 2. Nf3 g6 3. Bg5 Bg7 4. e3 d6 5. Bd3 O-O 6. Nbd2 b6 7. O-O Bb7 8. Qe2
Nbd7 9. e4 e5 10. dxe5 dxe5 11. Bb5 c6 12. Bc4 Qc7 1/2-1/2

[Event "Open Praha 2018 - B"]
[Site "Praha (CZE)"]
[Date "2018.01.19"]
[Round "9"]
[White "Kronowetter, Borivoj"]
[Black "Gunyecz, Zoltan Dr"]
[Result "1-0"]
[WhiteElo "1882"]
[BlackElo "1977"]
[PlyCount "27"]
[EventDate "2018.01.12"]

1. e4 c6 2. Nc3 d5 3. Nf3 Bg4 4. h3 Bxf3 5. Qxf3 e6 6. d4 Nd7 7. Bd3 dxe4 8.
Nxe4 Ngf6 9. O-O Nxe4 10. Bxe4 Nf6 11. Bg5 Qxd4 12. Bxf6 Qxf6 13. Bxc6+ Kd8 14.
Qd3+ 1-0

[Event "Open Praha 2018 - B"]
[Site "Praha (CZE)"]
[Date "2018.01.19"]
[Round "9"]
[White "Shamian, Artur"]
[Black "Rysaev, Danial"]
[Result "1-0"]
[WhiteElo "1802"]
[BlackElo "1818"]
[PlyCount "111"]
[EventDate "2018.01.12"]

1. d4 Nf6 2. Bf4 d6 3. e3 g6 4. Be2 Nbd7 5. Nf3 Nh5 6. Bg5 h6 7. Bh4 g5 8. Nfd2
Ng7 9. Bg3 Nf5 10. Bd3 Nf6 11. Bxf5 Bxf5 12. Nc3 Bg7 13. e4 Bg6 14. Qe2 Nh5 15.
Qe3 O-O 16. h4 Nxg3 17. Qxg3 e5 18. d5 c6 19. hxg5 Qxg5 20. Qxg5 hxg5 21. g4
Bf6 22. f3 Kg7 23. Ke2 Rac8 24. Kd3 Rc7 25. Rac1 Be7 26. Nf1 f6 27. Ne3 Kf7 28.
Ne2 Bd8 29. Ng3 cxd5 30. Nxd5 Rc5 31. Nf5 b5 32. Nxd6+ Ke6 33. Nf5 Kd7 34. Rh6
Bf7 35. Rh7 Kc6 36. Nde3 Bb6 37. b4 Rd8+ 38. Nd5 Bxd5 39. Ne7+ Kb7 40. Nxd5+
Rc7 41. Rxc7+ Bxc7 42. c4 bxc4+ 43. Rxc4 Bb6 44. b5 Rd6 45. a4 Bd8 46. Rc2 Kb8
47. Rc6 Rd7 48. Kc4 Kb7 49. Kc5 Kb8 50. Rd6 Kc8 51. Rxd7 Kxd7 52. b6 axb6+ 53.
Nxb6+ Kc7 54. a5 Be7+ 55. Kb5 Kb7 56. a6+ 1-0

[Event "Open Praha 2018 - B"]
[Site "Praha (CZE)"]
[Date "2018.01.19"]
[Round "9"]
[White "Klimek, Petr"]
[Black "Tanishka, Kotia"]
[Result "1/2-1/2"]
[WhiteElo "1815"]
[BlackElo "1617"]
[PlyCount "25"]
[EventDate "2018.01.12"]

1. e4 d5 2. exd5 Nf6 3. d4 Bg4 4. Be2 Bxe2 5. Nxe2 Qxd5 6. O-O Nc6 7. Na3 O-O-O
8. c4 Qe4 9. Nc2 e5 10. Nc3 Qh4 11. d5 Qxc4 12. Ne3 Qa6 13. a3 1/2-1/2

[Event "Open Praha 2018 - B"]
[Site "Praha (CZE)"]
[Date "2018.01.19"]
[Round "9"]
[White "Nahornyi, Ihor"]
[Black "Michel, Ladislav"]
[Result "1/2-1/2"]
[WhiteElo "1735"]
[BlackElo "1774"]
[PlyCount "62"]
[EventDate "2018.01.12"]

1. e4 c5 2. Nf3 Nc6 3. d4 cxd4 4. Nxd4 e5 5. Nb5 d6 6. N1c3 a6 7. Na3 b5 8. Nd5
Nge7 9. c4 Nd4 10. cxb5 Nxd5 11. exd5 Qh4 12. Be3 Nf5 13. Qd2 Be7 14. bxa6 O-O
15. Nc2 Nxe3 16. Nxe3 f5 17. b4 f4 18. Nc2 e4 19. Kd1 Bg4+ 20. Kc1 e3 21. Qe1
exf2 22. Qd2 Bg5 23. Kb2 f3 24. g3 Qh5 25. Qxf2 Bf6+ 26. Nd4 Qxd5 27. Rd1 Rfb8
28. a3 Be6 29. Kb1 Bf5+ 30. Kb2 Be6 31. Kb1 Bf5+ 1/2-1/2

[Event "Open Praha 2018 - B"]
[Site "Praha (CZE)"]
[Date "2018.01.19"]
[Round "9"]
[White "Chekletsova, Darya"]
[Black "Kalvach, Ladislav"]
[Result "1-0"]
[WhiteElo "1651"]
[BlackElo "1754"]
[PlyCount "117"]
[EventDate "2018.01.12"]

1. d4 Nf6 2. c4 e6 3. Nc3 Bb4 4. Qc2 c5 5. dxc5 Bxc5 6. Bf4 Nc6 7. e3 d5 8.
cxd5 exd5 9. Nf3 O-O 10. a3 Qe7 11. Be2 d4 12. exd4 Nxd4 13. Nxd4 Bxd4 14. O-O
Qc5 15. Bg3 Be6 16. Rfc1 Rac8 17. Qd2 Rfd8 18. Qe1 Qa5 19. b4 Qg5 20. Bf3 Nd5
21. Bxd5 Bxd5 22. h4 Qxg3 23. Nxd5 Rxc1 24. Rxc1 Qxh4 25. Ne7+ Kf8 26. Nf5 Qf6
27. Nxd4 Qxd4 28. Qe2 a6 29. Re1 Qd7 30. Qc2 g6 31. Qc3 Qd4 32. Qc7 Rd7 33.
Qc8+ Kg7 34. Qe8 Qd6 35. Qe3 Qf6 36. Rc1 h5 37. Qe8 Qe6 38. Qb8 Qe2 39. Rf1 h4
40. Qf4 Qe7 41. Qf3 Qf6 42. Qh3 Rd4 43. Qc8 Rd3 44. Qxb7 Rxa3 45. b5 axb5 46.
Qxb5 h3 47. Qd5 hxg2 48. Kxg2 Qc3 49. Rh1 Ra5 50. Qd8 Qc6+ 51. f3 Ra8 52. Qd2
Rh8 53. Qd4+ f6 54. Qa7+ Kg8 55. Qb8+ Kf7 56. Rxh8 Qc2+ 57. Kg3 Ke6 58. Qe8+
Kd5 59. Qd7+ 1-0

[Event "Open Praha 2018 - B"]
[Site "Praha (CZE)"]
[Date "2018.01.19"]
[Round "9"]
[White "Bakalar, Jan"]
[Black "Mach, Petr"]
[Result "1/2-1/2"]
[WhiteElo "1946"]
[BlackElo "1636"]
[PlyCount "57"]
[EventDate "2018.01.12"]

1. e4 c5 2. Nf3 Nc6 3. Bb5 Nf6 4. Nc3 d6 5. e5 Ng4 6. Qe2 d5 7. h3 Nh6 8. d4 e6
9. g4 Bd7 10. Be3 c4 11. Bxc6 Bxc6 12. O-O Be7 13. Ne1 O-O 14. Qd2 Kh8 15. Ng2
Ng8 16. f4 g6 17. f5 gxf5 18. gxf5 exf5 19. Rxf5 f6 20. exf6 Rxf6 21. Raf1 Rxf5
22. Rxf5 Qd6 23. Bf4 Qe6 24. Be5+ Bf6 25. Rh5 Qf7 26. Nf4 Bxe5 27. Rxe5 Rf8 28.
Nce2 Nf6 29. Qb4 1/2-1/2

[Event "Open Praha 2018 - B"]
[Site "Praha (CZE)"]
[Date "2018.01.19"]
[Round "9"]
[White "Badik, Maksym"]
[Black "Ruzicka, Filip"]
[Result "1-0"]
[WhiteElo "1928"]
[BlackElo "1518"]
[PlyCount "59"]
[EventDate "2018.01.12"]

1. e4 c5 2. Nf3 a6 3. d4 cxd4 4. Nxd4 e5 5. Ne2 Bc5 6. Qd3 Nf6 7. Be3 Bxe3 8.
Qxe3 O-O 9. Nbc3 b5 10. a3 Bb7 11. Ng3 Nc6 12. Nf5 Nd4 13. Nxd4 exd4 14. Qxd4
Nxe4 15. Nxe4 Bxe4 16. O-O-O Bc6 17. f3 a5 18. Kb1 Qc7 19. b3 Rfb8 20. Qc5 Qb7
21. Kb2 Rc8 22. Qd6 Rc7 23. Bd3 Rb8 24. Rhe1 b4 25. a4 Rbc8 26. Ba6 Qb6 27.
Bxc8 Rxc8 28. Qd4 Qc7 29. Qe5 Qd8 30. Qe7 1-0

[Event "Open Praha 2018 - B"]
[Site "Praha (CZE)"]
[Date "2018.01.19"]
[Round "9"]
[White "Zeliantsova, Kseniya"]
[Black "Lomakina, Anzhelika"]
[Result "1-0"]
[WhiteElo "1788"]
[BlackElo "1693"]
[PlyCount "63"]
[EventDate "2018.01.12"]

1. c4 e5 2. Nc3 Nf6 3. e4 Bc5 4. g3 d6 5. h3 Be6 6. d3 c6 7. Bg2 O-O 8. Nge2 b5
9. cxb5 cxb5 10. O-O Qb6 11. d4 exd4 12. e5 Nc6 13. exf6 dxc3 14. Nxc3 Rac8 15.
fxg7 Kxg7 16. Qh5 Kh8 17. Ne4 f6 18. Qh6 Qc7 19. Nxf6 Qg7 20. Ne4 Qxh6 21. Bxh6
Rf7 22. Rfe1 Bf5 23. Nxc5 dxc5 24. Bxc6 Rf6 25. Bb7 Rb8 26. Bf4 Rxb7 27. Be5
Rbb6 28. Bxf6+ Rxf6 29. g4 Be6 30. Re5 Bc4 31. Rxc5 Rf7 32. b3 1-0

[Event "Open Praha 2018 - A"]
[Site "?"]
[Date "2018.01.19"]
[Round "9"]
[White "Melamed, Tatiana"]
[Black "Jurcik, Marian"]
[Result "1/2-1/2"]
[BlackElo "2460"]
[WhiteElo "2347"]
[LiveChessVersion "1.4.8"]

1. e4 {[%clk 1:30:57]} e5 {[%clk 1:27:36]} 2. Nf3 {[%clk 1:31:07]} Nc6
{[%clk 1:27:47]} 3. Bb5 {[%clk 1:31:29]} a6 {[%clk 1:28:09]} 4. Ba4
{[%clk 1:31:42]} d6 {[%clk 1:28:31]} 5. c3 {[%clk 1:29:07]} f5 {[%clk 1:28:32]}
6. exf5 {[%clk 1:20:43]} Bxf5 {[%clk 1:28:43]} 7. O-O {[%clk 1:20:11]} Bd3
{[%clk 1:28:44]} 8. Re1 {[%clk 1:20:19]} Be7 {[%clk 1:28:52]} 9. Bc2
{[%clk 1:18:00]} Bxc2 {[%clk 1:28:37]} 10. Qxc2 {[%clk 1:18:26]} Nf6
{[%clk 1:28:30]} 11. d4 {[%clk 1:16:34]} e4 {[%clk 1:28:14]} 12. Ng5
{[%clk 1:12:10]} d5 {[%clk 1:28:23]} 13. f3 {[%clk 1:06:09]} h6 {[%clk 1:26:30]}
14. Nh3 {[%clk 1:04:17]} O-O {[%clk 1:26:18]} 15. Nd2 {[%clk 1:01:14]} exf3
{[%clk 1:26:20]} 16. Nxf3 {[%clk 1:01:32]} Rf7 {[%clk 1:26:18]} 17. Qg6
{[%clk 0:47:24]} Bd6 {[%clk 1:18:24]} 18. Bf4 {[%clk 0:40:10]} Ne7
{[%clk 0:48:56]} 19. Qd3 {[%clk 0:35:18]} Ng4 {[%clk 0:41:27]} 20. Ne5
{[%clk 0:24:34]} Nxe5 {[%clk 0:32:41]} 21. Bxe5 {[%clk 0:24:54]} Qd7
{[%clk 0:26:39]} 22. Bxd6 {[%clk 0:18:40]} Qxd6 {[%clk 0:26:54]} 23. Qe3
{[%clk 0:18:29]} Raf8 {[%clk 0:25:50]} 24. Qe6 {[%clk 0:18:23]} Nf5
{[%clk 0:21:19]} 25. g3 {[%clk 0:07:17]} g5 {[%clk 0:15:15]} 26. Re5
{[%clk 0:05:50]} Qxe6 {[%clk 0:08:58]} 27. Rxe6 {[%clk 0:06:18]} Kg7
{[%clk 0:08:37]} 28. Re5 {[%clk 0:05:52]} Nd6 {[%clk 0:07:07]} 29. Rae1
{[%clk 0:04:55]} c6 {[%clk 0:07:15]} 30. Re7 {[%clk 0:04:41]} Nc4
{[%clk 0:04:46]} 31. Rxf7+ {[%clk 0:04:41]} Rxf7 {[%clk 0:05:13]} 32. Re2
{[%clk 0:04:24]} Rf3 {[%clk 0:03:37]} 33. Nf2 {[%clk 0:03:08]} Ne3
{[%clk 0:03:29]} 34. Re1 {[%clk 0:03:21]} Nc4 {[%clk 0:02:25]} 35. Kg2
{[%clk 0:02:42]} Re3 {[%clk 0:01:21]} 36. Rxe3 {[%clk 0:02:53]} Nxe3+
{[%clk 0:01:47]} 37. Kf3 {[%clk 0:03:20]} Nc4 {[%clk 0:01:51]} 38. Nd3
{[%clk 0:03:28]} Kf6 {[%clk 0:01:35]} 39. g4 {[%clk 0:03:33]} a5 {[%clk 0:01:27]}
40. a4 {[%clk 0:02:55]} b6 {[%clk 0:00:39]} 41. Ke2 {[%clk 0:01:26]} Ke6
{[%clk 0:29:02]} 42. b3 {[%clk 0:26:36]} Nd6 {[%clk 0:28:38]} 43. Ne5
{[%clk 0:26:38]} Ne4 {[%clk 0:16:12]} 1/2-1/2

[Event "Open Praha 2018 - A"]
[Site "?"]
[Date "2018.01.19"]
[Round "9"]
[White "Thakur, Akash"]
[Black "Pena Gomez, Manuel"]
[Result "0-1"]
[BlackElo "2491"]
[WhiteElo "2338"]
[LiveChessVersion "1.4.8"]

1. e4 {[%clk 1:30:57]} c5 {[%clk 1:19:10]} 2. Nf3 {[%clk 1:31:19]} d6
{[%clk 1:19:34]} 3. Bb5+ {[%clk 1:31:41]} Bd7 {[%clk 1:20:01]} 4. Bxd7+
{[%clk 1:32:01]} Qxd7 {[%clk 1:20:28]} 5. c4 {[%clk 1:32:19]} Nf6
{[%clk 1:20:16]} 6. Nc3 {[%clk 1:32:42]} Nc6 {[%clk 1:20:22]} 7. d4
{[%clk 1:32:13]} cxd4 {[%clk 1:20:48]} 8. Nxd4 {[%clk 1:32:38]} g6
{[%clk 1:21:14]} 9. f3 {[%clk 1:32:47]} Bg7 {[%clk 1:21:39]} 10. Be3
{[%clk 1:33:12]} O-O {[%clk 1:22:05]} 11. O-O {[%clk 1:33:37]} a6
{[%clk 1:20:21]} 12. b3 {[%clk 1:20:59]} Nxd4 {[%clk 1:17:43]} 13. Bxd4
{[%clk 1:21:12]} b5 {[%clk 1:18:10]} 14. Nd5 {[%clk 1:20:38]} Nxd5
{[%clk 1:15:40]} 15. cxd5 {[%clk 1:15:15]} Bh6 {[%clk 1:16:04]} 16. f4
{[%clk 1:02:08]} Rac8 {[%clk 0:57:19]} 17. Rc1 {[%clk 0:48:05]} Rxc1
{[%clk 0:47:35]} 18. Qxc1 {[%clk 0:48:28]} Rc8 {[%clk 0:48:02]} 19. Qd2
{[%clk 0:47:02]} Bg7 {[%clk 0:42:28]} 20. Bxg7 {[%clk 0:24:41]} Kxg7
{[%clk 0:42:56]} 21. Qd4+ {[%clk 0:25:03]} Kg8 {[%clk 0:42:28]} 22. h3
{[%clk 0:19:04]} Rc2 {[%clk 0:38:24]} 23. Rf2 {[%clk 0:19:12]} Qc7
{[%clk 0:38:00]} 24. Kh2 {[%clk 0:14:13]} Rc1 {[%clk 0:31:01]} 25. e5
{[%clk 0:13:04]} Qc5 {[%clk 0:24:32]} 26. Qxc5 {[%clk 0:09:27]} Rxc5
{[%clk 0:24:57]} 27. Rd2 {[%clk 0:09:34]} a5 {[%clk 0:20:18]} 28. Kg3
{[%clk 0:09:16]} Rc3+ {[%clk 0:17:50]} 29. Kg4 {[%clk 0:08:48]} Kg7
{[%clk 0:15:11]} 30. exd6 {[%clk 0:06:56]} h5+ {[%clk 0:10:38]} 31. Kh4
{[%clk 0:03:44]} exd6 {[%clk 0:11:02]} 32. g4 {[%clk 0:02:54]} hxg4
{[%clk 0:11:20]} 33. hxg4 {[%clk 0:01:16]} Rf3 {[%clk 0:11:30]} 34. Rd4
{[%clk 0:01:07]} Kf6 {[%clk 0:10:41]} 35. a4 {[%clk 0:00:37]} b4 {[%clk 0:10:48]}
36. Rc4 {[%clk 0:01:05]} Rc3 {[%clk 0:07:37]} 37. Rc6 {[%clk 0:01:34]} Rxc6
{[%clk 0:06:49]} 38. dxc6 {[%clk 0:02:02]} Ke7 {[%clk 0:07:15]} 39. f5
{[%clk 0:02:05]} gxf5 {[%clk 0:07:30]} 40. gxf5 {[%clk 0:02:27]} d5
{[%clk 0:07:42]} 41. Kg5 {[%clk 0:01:29]} Kd6 {[%clk 0:07:53]} 42. f6
{[%clk 0:00:49]} Kxc6 {[%clk 0:08:09]} 43. Kf4 {[%clk 0:29:03]} Kd6
{[%clk 0:38:33]} 44. Kf5 {[%clk 0:29:31]} d4 {[%clk 0:38:50]} 45. Ke4
{[%clk 0:29:56]} Kc5 {[%clk 0:39:17]} 0-1

[Event "Open Praha 2018 - A"]
[Site "?"]
[Date "2018.01.19"]
[Round "9"]
[White "Hainke, Guntram"]
[Black "Kalegin, Evgenij"]
[Result "1-0"]
[BlackElo "2426"]
[WhiteElo "2283"]
[LiveChessVersion "1.4.8"]

1. d4 {[%clk 1:30:49]} Nf6 {[%clk 1:30:54]} 2. c4 {[%clk 1:31:03]} g6
{[%clk 1:31:11]} 3. Nc3 {[%clk 1:31:13]} Bg7 {[%clk 1:31:33]} 4. e4
{[%clk 1:31:30]} d6 {[%clk 1:31:59]} 5. Be2 {[%clk 1:31:41]} O-O {[%clk 1:32:20]}
6. Bg5 {[%clk 1:31:39]} Na6 {[%clk 1:32:40]} 7. f4 {[%clk 1:30:41]} Qe8
{[%clk 1:31:04]} 8. e5 {[%clk 1:27:20]} Nd7 {[%clk 1:31:22]} 9. Nf3
{[%clk 1:25:25]} c5 {[%clk 1:26:58]} 10. O-O {[%clk 1:13:39]} cxd4
{[%clk 1:26:19]} 11. Nd5 {[%clk 1:12:20]} f6 12. exf6 {[%clk 1:05:35]} Nxf6
{[%clk 0:59:47]} 13. Bxf6 {[%clk 0:56:02]} exf6 {[%clk 0:56:42]} 14. Nxd4
{[%clk 0:55:49]} f5 {[%clk 0:56:52]} 15. Bf3 {[%clk 0:53:32]} Qd8
{[%clk 0:53:38]} 16. Qd2 {[%clk 0:49:04]} Nc7 {[%clk 0:51:55]} 17. Rfe1
{[%clk 0:38:03]} Nxd5 {[%clk 0:51:54]} 18. Bxd5+ {[%clk 0:38:27]} Kh8
{[%clk 0:52:20]} 19. Rad1 {[%clk 0:27:35]} Rb8 {[%clk 0:49:52]} 20. b3
{[%clk 0:26:47]} Bd7 {[%clk 0:47:18]} 21. Nf3 {[%clk 0:23:22]} h6
{[%clk 0:34:27]} 22. Kf1 {[%clk 0:22:12]} b5 {[%clk 0:30:57]} 23. Re2
{[%clk 0:19:44]} Qf6 {[%clk 0:26:59]} 24. Rde1 {[%clk 0:15:14]} Rfe8
{[%clk 0:24:08]} 25. Rxe8+ {[%clk 0:14:28]} Rxe8 {[%clk 0:24:30]} 26. Rxe8+
{[%clk 0:14:41]} Bxe8 {[%clk 0:24:56]} 27. Qe2 {[%clk 0:14:44]} Bd7
{[%clk 0:23:41]} 28. cxb5 {[%clk 0:14:46]} g5 {[%clk 0:23:52]} 29. fxg5
{[%clk 0:11:46]} hxg5 {[%clk 0:23:46]} 30. Bc6 {[%clk 0:11:57]} Be6
{[%clk 0:23:34]} 31. Nxg5 {[%clk 0:09:11]} Qxg5 {[%clk 0:23:53]} 32. Qxe6
{[%clk 0:09:24]} Qc1+ {[%clk 0:19:28]} 33. Qe1 {[%clk 0:08:27]} Qf4+
{[%clk 0:19:42]} 34. Kg1 {[%clk 0:06:16]} Qd4+ {[%clk 0:18:24]} 35. Kh1
{[%clk 0:06:25]} Be5 {[%clk 0:18:37]} 36. g3 {[%clk 0:03:41]} f4 {[%clk 0:09:39]}
37. Qe2 {[%clk 0:03:17]} fxg3 {[%clk 0:08:52]} 38. hxg3 {[%clk 0:03:41]} Kg7
{[%clk 0:03:52]} 39. Kg2 {[%clk 0:03:31]} d5 {[%clk 0:02:15]} 40. Qf3
{[%clk 0:01:55]} Qd2+ {[%clk 0:00:31]} 41. Qf2 {[%clk 0:02:10]} Qxf2+
{[%clk 0:29:57]} 42. Kxf2 {[%clk 0:32:35]} d4 {[%clk 0:30:22]} 43. Be4
{[%clk 0:29:22]} Kf6 {[%clk 0:26:51]} 44. Kf3 {[%clk 0:28:36]} Ke6
{[%clk 0:23:04]} 45. g4 {[%clk 0:23:33]} Kd6 {[%clk 0:16:59]} 46. g5
{[%clk 0:23:26]} Kc5 {[%clk 0:16:31]} 47. a4 {[%clk 0:23:44]} Kb4
{[%clk 0:16:32]} 48. g6 {[%clk 0:23:41]} 1-0

[Event "Open Praha 2018 - A"]
[Site "?"]
[Date "2018.01.19"]
[Round "9"]
[White "Akshat, Khamparia"]
[Black "Schippers, Maurice"]
[Result "1-0"]
[BlackElo "2309"]
[WhiteElo "2381"]
[LiveChessVersion "1.4.8"]

1. d4 {[%clk 1:29:49]} Nf6 {[%clk 1:30:55]} 2. c4 {[%clk 1:30:10]} c5
{[%clk 1:31:09]} 3. d5 {[%clk 1:30:33]} e6 {[%clk 1:31:35]} 4. Nc3
{[%clk 1:30:36]} exd5 {[%clk 1:31:34]} 5. cxd5 {[%clk 1:31:00]} d6
{[%clk 1:31:51]} 6. Nf3 {[%clk 1:30:54]} g6 {[%clk 1:30:55]} 7. Bf4
{[%clk 1:27:45]} a6 {[%clk 1:28:42]} 8. a4 {[%clk 1:28:01]} Bg7 {[%clk 1:28:19]}
9. h3 {[%clk 1:28:26]} O-O {[%clk 1:28:09]} 10. e3 {[%clk 1:28:52]} Qe7
{[%clk 1:25:52]} 11. Be2 {[%clk 1:27:53]} Nbd7 {[%clk 1:24:37]} 12. O-O
{[%clk 1:25:41]} Rb8 {[%clk 1:21:16]} 13. Nd2 {[%clk 1:23:36]} Ne5
{[%clk 1:16:12]} 14. Bh2 {[%clk 1:21:25]} Bd7 {[%clk 1:01:37]} 15. Re1
{[%clk 0:57:37]} b5 {[%clk 0:51:37]} 16. f4 {[%clk 0:55:00]} Nc4 {[%clk 0:47:57]}
17. Bxc4 {[%clk 0:48:03]} bxc4 {[%clk 0:48:23]} 18. e4 {[%clk 0:43:38]} Rxb2
{[%clk 0:45:42]} 19. e5 {[%clk 0:42:11]} Ne8 {[%clk 0:43:42]} 20. Nxc4
{[%clk 0:41:16]} Rb4 {[%clk 0:40:12]} 21. Qe2 {[%clk 0:39:32]} g5
{[%clk 0:30:21]} 22. fxg5 {[%clk 0:30:50]} Bf5 {[%clk 0:22:55]} 23. Ra3
{[%clk 0:24:05]} Qxg5 {[%clk 0:19:27]} 24. Na2 {[%clk 0:23:32]} Rb1
{[%clk 0:17:20]} 25. Rxb1 {[%clk 0:21:47]} Bxb1 {[%clk 0:17:48]} 26. Rg3
{[%clk 0:21:50]} Qe7 {[%clk 0:15:58]} 27. Nc3 {[%clk 0:21:40]} Bg6
{[%clk 0:16:05]} 28. exd6 {[%clk 0:19:48]} Bd4+ {[%clk 0:12:22]} 29. Kh1
{[%clk 0:18:02]} Qd8 {[%clk 0:09:49]} 30. Qe7 {[%clk 0:16:05]} Ng7
{[%clk 0:10:00]} 31. Rf3 {[%clk 0:12:08]} Nf5 {[%clk 0:08:30]} 32. Qxd8
{[%clk 0:11:30]} Rxd8 {[%clk 0:08:59]} 33. Ne2 {[%clk 0:10:56]} Bg7
{[%clk 0:08:07]} 34. Rb3 {[%clk 0:09:05]} Nd4 {[%clk 0:07:39]} 35. Nxd4
{[%clk 0:07:01]} cxd4 {[%clk 0:08:08]} 36. d7 {[%clk 0:05:19]} Bf6
{[%clk 0:07:07]} 37. Rb8 {[%clk 0:03:07]} Bf5 {[%clk 0:05:58]} 38. Rb6
{[%clk 0:01:40]} Kg7 {[%clk 0:04:58]} 39. Nd6 {[%clk 0:01:00]} Bxd7
{[%clk 0:04:17]} 40. Ne4 {[%clk 0:01:20]} Be7 {[%clk 0:00:36]} 41. Be5+
{[%clk 0:30:24]} f6 {[%clk 0:19:20]} 42. Bxd4 {[%clk 0:20:26]} Bxa4
{[%clk 0:15:44]} 43. Rxa6 {[%clk 0:17:22]} Bc2 {[%clk 0:12:43]} 44. Ra7
{[%clk 0:13:36]} Rxd5 {[%clk 0:09:37]} 45. Rxe7+ {[%clk 0:10:44]} Kf8
{[%clk 0:09:53]} 46. Bxf6 {[%clk 0:09:43]} Rf5 {[%clk 0:09:40]} 47. Bh4
{[%clk 0:04:20]} Rh5 {[%clk 0:07:58]} 48. Bf6 {[%clk 0:03:09]} Rf5
{[%clk 0:08:22]} 49. Rxh7 {[%clk 0:02:06]} Bxe4 {[%clk 0:08:03]} 50. Rh8+
{[%clk 0:02:25]} Kf7 {[%clk 0:08:31]} 51. Bh4 {[%clk 0:02:40]} Rc5
{[%clk 0:07:31]} 52. Bf2 {[%clk 0:00:57]} Rc2 {[%clk 0:06:37]} 53. Rh4
{[%clk 0:01:15]} Bc6 {[%clk 0:05:19]} 54. Rf4+ {[%clk 0:01:37]} Ke6
{[%clk 0:04:25]} 55. Kh2 {[%clk 0:01:38]} Ra2 {[%clk 0:03:08]} 56. h4
{[%clk 0:01:25]} Ke5 {[%clk 0:03:08]} 57. Rf8 {[%clk 0:01:42]} Be4
{[%clk 0:01:44]} 58. g4 {[%clk 0:01:21]} Ra3 {[%clk 0:01:05]} 59. Bg3+
{[%clk 0:01:23]} Ke6 {[%clk 0:01:02]} 60. h5 {[%clk 0:01:11]} Bf3
{[%clk 0:00:38]} 61. Kh3 {[%clk 0:01:19]} Bd1 {[%clk 0:00:36]} 62. h6
{[%clk 0:00:42]} Bc2 {[%clk 0:00:44]} 63. Kh4 {[%clk 0:01:02]} Ke7
{[%clk 0:00:42]} 64. Rf2 {[%clk 0:01:07]} Bb1 {[%clk 0:00:38]} 65. Rb2
{[%clk 0:01:20]} Bg6 {[%clk 0:00:39]} 66. Rb7+ {[%clk 0:00:53]} Kf6
{[%clk 0:00:33]} 67. h7 {[%clk 0:00:49]} Ra8 {[%clk 0:00:40]} 68. Be1
{[%clk 0:01:04]} Be4 {[%clk 0:00:34]} 69. Bc3+ {[%clk 0:01:16]} Kg6
{[%clk 0:00:36]} 70. Rg7+ {[%clk 0:01:32]} Kh6 {[%clk 0:01:04]} 71. g5#
{[%clk 0:01:58]} 1-0

[Event "Open Praha 2018 - A"]
[Site "?"]
[Date "2018.01.19"]
[Round "9"]
[White "Raahul, V S"]
[Black "Low, Zhen Yu Cyrus"]
[Result "1-0"]
[BlackElo "2437"]
[WhiteElo "2205"]
[LiveChessVersion "1.4.8"]

1. c4 g6 2. Nc3 c5 3. Nf3 Bg7 4. d4 cxd4 5. Nxd4 Nc6 6. Nc2 Nf6 7. e4 O-O 8. Be2
d6 9. O-O Bd7 10. Be3 a6 11. Rc1 Qa5 12. f3 Rfc8 13. Qd2 Ne5 14. b4 Qd8 15. c5
dxc5 16. bxc5 Be6 17. Nd4 Nc4 18. Bxc4 Bxc4 19. Rfd1 Rxc5 20. Nf5 Qxd2 21. Nxe7+
Kh8 22. Rxd2 Re5 23. Ncd5 Nxd5 24. Nxd5 Bxd5 25. Rxd5 Rxd5 26. exd5 Be5 27. Bb6
Kg7 28. Bc7 Kf6 29. d6 Ke6 30. Re1 Kd5 31. Rxe5+ Kxe5 32. d7+ Kd4 33. d8=R+ Rxd8
34. Bxd8 b5 35. a3 f5 36. Kf2 f4 37. Bc7 g5 38. h4 1-0